000 00323nam a2200145Ia 4500
100 _aKani/Nagoor A
650 _aDigial signal processing
250 _a2
942 _cBK
245 _aDigital signal processing
260 _bTata Mc Graw hill Ltd.
_c2012
082 _a621.3822
_bKAN
546 _aENGLISH
999 _c24172
_d24172